MARC

Tag First Indicator Second Indicator Subfields
LEADER 00000cas a2200000 a 4500
001 in00001595621
005 20210519095710.0
008 001108c19999999dcuar p f0 0eng d
010 |a  00230560  
035 |a (OCoLC)ocm45302214 
037 |b U.S. Internal Revenue Service, Headquarters, Dept. of theTreasury, 1111 Constitution Ave., NW, Washington, D.C. 20224 
040 |a DOJ  |c DOJ  |d GPO  |d DLC  |d MvI  |d UtOrBLW 
042 |a lcd 
049 |a UMIC 
049 |a WWW 
074 |a 0955 
074 |a 0955 (online) 
086 0 |a T 22.1: 
090 |a KF6301.A15  |b I57 
245 0 0 |a Internal Revenue Service annual report. 
246 3 0 |a Annual report. 
264 1 |a Washington, DC :  |b Internal Revenue Service :  |c [1999-] 
264 2 |a Washington, DC :  |b For sale by the U.S. G.P.O., Supt. of Docs., 
336 |a text  |b txt  |2 rdacontent 
337 |a unmediated  |b n  |2 rdamedia 
338 |a volume  |b nc  |2 rdacarrier 
362 0 |a 1999- 
300 |a volumes ;  |c 28 cm. 
310 |a Annual 
490 1 |a Publication / Department of the Treasury, Internal Revenue Service ;  |v 3385 
500 |a Title from cover. 
515 |a Initial issue covers two ifscal years. 
530 |a Latest issue also available via Internet from the IRS web site (PDF file only). Address as of 12/5/2000: http://ftp.fedworld.gov/pub/irs-pdf/p3385.pdf ; current access available via PURL. 
550 |a Produced by: Strategic Planning and Communications 1993-1994; by: IRS Communications Division, 1995- 
580 |a Contains statistical tables and organizational information previously included in the Internal Revenue Service Annual report (Publication 55). 
610 1 0 |a United States.  |b Internal Revenue Service  |v Statistics. 
650 0 |a Tax administration and procedure  |z United States  |v Statistics. 
780 0 1 |a United States. Internal Revenue Service.  |t Data book  |w (OCoLC)33275234 
710 1 |a United States.  |b Internal Revenue Service. 
710 1 |a United States.  |b Internal Revenue Service.  |b Strategic Planning and Communications. 
710 1 |a United States.  |b Internal Revenue Service.  |b Communications Division. 
830 0 |a Publication (United States. Internal Revenue Service) ;  |v 3385. 
856 4 1 |3 2001 issue only  |u https://purl.fdlp.gov/GPO/LPS7074  |t 0 
999 |a MARS 
999 f f |s 08142dd3-1366-337e-b61e-3a1d47760c2c  |i b6aab6ef-14fd-3a08-8bff-bf448b6c6db0  |t 0 
952 f f |a Texas A&M University  |b College Station  |c Electronic Resources  |d Available Online  |t 0  |e T 22.1:  |h Superintendent of Documents classification 
998 f f |a T 22.1:  |t 0  |l Available Online